00427nam a2200157Ia 4500008004100000100002100041245002600062245002000088260002100108260000900129300003400138440005800172650001000230650001200240650001700252190509s9999 xx 000 0 und d aSeppala, Emma M. aHow to express anger/ cEmma M. Seppala bSussex Publisher c2018 aPages 44-46, July/August 2018 aPsychology Today: Turning Pointsv1/2/1900 3:04:00 AM aanger aemotion arelationship